000 01103nam a2200265Ia 4500
999 _c49585
_d49585
001 16517
003 GE_BSU
005 20250123102320.0
008 181216s1965||||ge |||||||||||||| ||geo||
040 _cGE_BSU
041 _ageo
080 _a821.353.1-1 გ-81
100 _aგრიშაშვილი, იოსებ (1889-1965)
_924091
245 _aგულის საგანძურიდან :
_b[ლექსები] /
_cიოსებ გრიშაშვილი ; გ. ჯიბლაძის წინასიტყვ.
260 _aთბილისი
260 _bნაკადული
260 _c1965
300 _a129 გვ. :
_b1ფ. პორტრ. ;
_c17 სმ
490 _aთანამედროვე ქართული პოეზიის ბიბლიოთეკა
541 _h3ლ.
653 _aგულის საგანძურიდან
653 _aლექსები
700 _aჯიბლაძე, გ.
_eწინასიტყვაობის ავტორი
_924092
942 _cBK
_2udc